Architecture and Computers Action & Reaction in the Digital Design Revolution (Record no. 2096)
[ view plain ]
| 000 -LEADER | |
|---|---|
| fixed length control field | 00315nam a2200109Ia 4500 |
| 008 - FIXED-LENGTH DATA ELEMENTS--GENERAL INFORMATION | |
| fixed length control field | 200302s9999 xx 000 0 und d |
| 100 ## - MAIN ENTRY--PERSONAL NAME | |
| Personal name | James Steele |
| 245 ## - TITLE STATEMENT | |
| Title | Architecture and Computers Action & Reaction in the Digital Design Revolution |
| 260 ## - PUBLICATION, DISTRIBUTION, ETC. | |
| Name of publisher, distributor, etc. | Laurence King Publishing |
| 260 ## - PUBLICATION, DISTRIBUTION, ETC. | |
| Date of publication, distribution, etc. | 2001 |
| 300 ## - PHYSICAL DESCRIPTION | |
| Extent | 240 P., |
| Withdrawn status | Lost status | Damaged status | Not for loan | Permanent Location | Current Location | Date acquired | Cost, normal purchase price | Full call number | Barcode | Date last seen | Price effective from | Koha item type |
|---|---|---|---|---|---|---|---|---|---|---|---|---|
| BMS College of Architecture, Design and Planning | BMS College of Architecture, Design and Planning | 2020-03-03 | 2873.50 | 721.0285 | CL-UG43709 | 2020-03-03 | 2020-03-03 | UG Books from CL |